000 01346nam a2200301 a 4500
001 000004508
005 20200929151441.0
008 090723s1991 es a 001 0 spa d
020 _a8477749973
040 _aDO-SdBNP
_bspa
_cBNPHU
082 _a410
_bP195L
240 0 0 _aLinguistics : the Cambridge Survey
_lEspañol
245 0 0 _aPanorama de la lingüistica moderna de la Universidad de Cambridge /
_ccompilación de Frederick J. Newmeyer ; edición supervisada por Luis Eguren ; traducción Javier Gómez Guinovanrt.
260 _aMadrid :
_bRogar,
_c1991.
300 _a4 v. ;
_c23 cm.
490 1 _aVisor, lingüística y conocimiento
_v7-10
500 _aIncluye índice
500 _aIncluye notas al pie de las páginas
500 _aLa biblioteca posee v.1 y v.2
534 _aLinguistics : the Cambridge Survey
505 2 _av. 1.Teoría lingüistica: fundamentos. v. 2 -- Teoría lingüística: extensiones e implicaciones. v.3 -- El lenguaje: aspectos psicológicos y biológicos. v.4 -- El lenguaje: contexto socio-cultural
650 4 _aLingüística
_94035
700 1 _aNewmeyer, Frederick F.,
_ecomp.
_913180
700 1 _aEguren, Luis,
_eed.
_913181
700 1 _aGómez Guinovart, Javier,
_etr.
_913182
830 1 _aVisor, lingüística y conocimiento
_nv7-10
_913183
910 _aValidado. Control de calidad MMOLINA
999 _c4317
_d4317